Top 10 best universities in the world - Statistics

General Stats
  • This quiz has been taken 73 times
  • The average score is 5 of 10
Answer Stats
# Rank Answer % Correct
5 Harvard University
94%
4 University of Oxford
94%
6 University of Cambridge
78%
1 Massachusetts Institute of Technology
74%
3 Stanford University
59%
10 California Institute of Technology
43%
9 UCL
43%
2 Imperial College London
19%
7 ETH Zurich
18%
8 National University of Singapore
15%
No matching quizzes found
Score Distribution
Percent of People with Each Score
Percentile by Number Answered
Your Score History
You have not taken this quiz